Documento firmado por Don Manuel Tolsá y Sarrion (Record no. 4641)

MARC details
000 -CABECERA
campo de control de longitud fija 01311nam a2200301 a 4500
001 - NÚMERO DE CONTROL
campo de control BRCA_4947
005 - FECHA Y HORA DE LA ÚLTIMA TRANSACCIÓN
campo de control 20190320204855.0
008 - DATOS DE LONGITUD FIJA--INFORMACIÓN GENERAL
campo de control de longitud fija 211010s1809----mx-#######---#000-0#spa-#
041 ## - CÓDIGO DE LENGUA
Código de lengua del texto/banda sonora o título independiente spa
044 ## - CÓDIGO DEL PAÍS DE LA ENTIDAD EDITORA/PRODUCTORA
Código MARC del país mx
084 ## - OTRO NÚMERO DE CLASIFICACIÓN
Número de clasificación DOC41
Número de documento/Ítem .T65
-- 1809
100 1# - ENTRADA PRINCIPAL--NOMBRE DE PERSONA
Nombre de persona Tolsá y Sarrion, Manuel
Fechas asociadas al nombre 1757-1825
9 (RLIN) 12570
245 10 - MENCIÓN DE TÍTULO
Título Documento firmado por Don Manuel Tolsá y Sarrion
Mención de responsabilidad, etc. Manuel Tolsá y Sarrion ; Pedro de Garibay.
260 ## - PUBLICACIÓN, DISTRIBUCIÓN, ETC.
Lugar de publicación, distribución, etc. México
Fecha de publicación, distribución, etc. 1809
300 ## - DESCRIPCIÓN FÍSICA
Extensión [1] foja
Dimensiones 30 x 21 cm.
500 ## - NOTA GENERAL
Nota general Documento firmado el 7 de agosto de 1809.
500 ## - NOTA GENERAL
Nota general Documento autógrafo de Don Manuel Tolsá por
Enlace entre campo y número de secuencia 50 pesos, como pago de sus honorarios por las obras del Cuartel de Caballería de Peredo, mandado hacer por el virrey Don Pedro Garibay.
500 ## - NOTA GENERAL
Nota general El documento contiene la leyenda DOC.#50
500 ## - NOTA GENERAL
Nota general Papel con marca de agua.
500 ## - NOTA GENERAL
Nota general Estado de conservación: contiene manchas de acidez en el margen izquierdo.
506 0# - NOTA DE RESTRICCIONES AL ACCESO
Limitaciones de acceso Fondo Reservado. Para su consulta es necesario credencial de usuario y carta de motivos.
546 ## - NOTA DE LENGUA/LENGUAJE
Nota de lengua/lenguaje Texto en: español de principios del siglo XIX.
600 14 - PUNTO DE ACCESO ADICIONAL DE MATERIA--NOMBRE DE PERSONA
Nombre de persona Tolsá y Sarrion, Manuel
Fechas asociadas al nombre 1757-1825
Subdivisión general Historia
9 (RLIN) 12571
651 #4 - PUNTO DE ACCESO ADICIONAL DE MATERIA--NOMBRE GEOGRÁFICO
Nombre geográfico México
Subdivisión general Historia
Subdivisión cronológica Colonia, 1521-1821
9 (RLIN) 12461
700 1# - PUNTO DE ACCESO ADICIONAL--NOMBRE DE PERSONA
Nombre de persona Garibay, Pedro de
Fechas asociadas al nombre 1721-1815
9 (RLIN) 12572
902 ## - CATALOGADOR
Iniciales FDH
942 ## - ELEMENTOS DE PUNTO DE ACCESO ADICIONAL (KOHA)
Fuente del sistema de clasificación o colocación Library of Congress Classification
Tipo de ítem Koha Documentos
Holdings
Estado de retiro Estado de pérdida Estado dañado No para préstamo Localización permanente Ubicación/localización actual Fecha de adquisición Total de préstamos Signatura topográfica completa Código de barras Fecha visto por última vez Precio válido a partir de Tipo de ítem Koha
El ejemplar forma parte de la colección y puede ser consultado según las políticas vigentes.       Biblioteca del Museo Franz Mayer (Rogerio Casas-Alatriste) Biblioteca del Museo Franz Mayer (Rogerio Casas-Alatriste) 21/10/2010   DOC41 .T65 1809 5008 22/03/2019 22/03/2019 Documentos